000 01357nam a2200361 i 4500
001 000008761
003 DO-SdBNP
005 20250312113644.0
007 ta
008 090918s1982 dr 001 0 spa d
040 _aDO-SdBNP
_bspa
_cBNPHU
_erda
041 _hspa
082 4 _aRD860.9
_bP579d
_222
100 1 _aPiña Contreras, Guillermo,
_d1952-
_eautor
_4aut.
_9315
245 1 0 _aDoce en la literatura dominicana /
_cGuillermo Piña Contreras ; prólogo, Frenddy Gastón Arce.
264 1 _aSantiago, República Dominicana :
_bUniversidad Católica Madre y Maestra,
_c1982.
300 _a292 páginas ;
_c22 cm.
336 _btexto
_2txt
_ardacontent
337 _asin mediación
_bnc
_2rdamedia
338 _avolumen
_bnc
_2rdacarrier
490 0 _aColección Estudios
500 _aIncluye índice de nombres
504 _aBibliografía : páginas 275-277
505 2 _aPrólogo --
_tIntroducción--
_tDel Postumismo al pluralismo--
_tNotas --
_tBibliografía mínima--
_tIndice de nombres.
590 _aInventariado, 2025/DG
650 7 _aLiteratura dominicana
_xHistoria y crítica
_9159
650 7 _aMovimientos literarios
_98573
650 7 _aAutores dominicanos
_9230
_vBiografías
700 1 _aGatón Arce, Freddy,
_d1920-1994
_eprologuista
_4pr.
_97946
740 0 _a12 en la literatura dominicana
910 _aDG
942 _2ddc
_cLBS1
999 _c8530
_d8530